Estudio de estimación y caracterización del consumo de madera en los sectores vivienda y grandes obras de infraestructura / (Registro nro. 19092)
[ vista simple ]
| 000 -CABECERA | |
|---|---|
| Campo de control | 01042nam a2200229 a 4500 |
| 005 - FECHA Y HORA DE LA ULTIMA TRANSACCION | |
| Campo de control | 20161015125813.0 |
| 008 - ELEMENTOS DE LONGITUD FIJA—INFORMACION GENERAL | |
| Campo de control | 161015s2016 ck ad|||r|||| 00| 0 spa d |
| 040 ## - FUENTE DE CATALOGACIÓN | |
| Agencia catalogadora original | CO-BoIAVH |
| Agencia transcriptora | CO-BoIAVH |
| 041 0# - IDIOMA | |
| Código de idioma para texto/pista de sonido o título separado | Español |
| 044 ## - PAÍS DE PUBLICACIÓN | |
| País de publicación | Colombia |
| 082 04 - NUMERO DE CLASIFICACION DECIMAL DEWEY | |
| Número de clasificación | 634.98 |
| Número del ítem | C71e |
| 110 1# - ASIENTO PRINCIPAL--NOMBRE CORPORATIVO | |
| Nombre corporativo o de jurisdicción como elemento de entrada | Colombia |
| Unidad subordinad | Ministerio de Ambiente y Desarrollo Sostenible |
| 9 (RLIN) | 76949 |
| 245 10 - MENCION DE TITULO | |
| Título | Estudio de estimación y caracterización del consumo de madera en los sectores vivienda y grandes obras de infraestructura / |
| Mención de responsabilidad | Ministerio de Ambiente y Desarrollo Sostenible |
| 260 ## - PUBLICACION, DISTRIBUCION, ETC. (PIE DE IMPRENTA) | |
| Lugar de publicación, distribución, etc. | Bogotá, Colombia : |
| Nombre del editor, distribuidor, etc. | Colombia. Ministerio de Ambiente y Desarrollo Sostenible : |
| -- | ONF Andina, |
| Fecha de publicación, distribución, etc. | 2016. |
| 300 ## - DESCRIPCION FISICA | |
| Extensión | 40 páginas : |
| Otros detalles físicos | ilustraciones a color, gráficas y tablas ; |
| Dimensiones | 28 x 22 xm. |
| 504 ## - NOTA DE BIBLIOGRAFIA, ETC. | |
| Nota de bibliografía | Incluye referencias bibliográficas. |
| 650 26 - ASIENTO SECUNDARIO DE MATERIA - TERMINO TEMATICO | |
| Término temático o nombre geográfico como elemento de entrada | Recursos forestales |
| Subdivisión general | caracterización |
| Subdivisión geográfica | Colombia |
| 9 (RLIN) | 76950 |
| 650 26 - ASIENTO SECUNDARIO DE MATERIA - TERMINO TEMATICO | |
| Término temático o nombre geográfico como elemento de entrada | Madera |
| Subdivisión general | Consumo |
| Subdivisión geográfica | Colombia |
| 9 (RLIN) | 76951 |
| 650 26 - ASIENTO SECUNDARIO DE MATERIA - TERMINO TEMATICO | |
| Término temático o nombre geográfico como elemento de entrada | Aprovechamiento de la madera |
| Subdivisión geográfica | Colombia |
| 9 (RLIN) | 76952 |
| 700 1# - ASIENTO SECUNDARIO - NOMBRE PERSONAL | |
| Nombre personal | Macía Sanabria, Fernán |
| Término de relación | editor |
| 9 (RLIN) | 76948 |
| 942 ## - ELEMENTOS ADICIONALES (KOHA) | |
| Sistema de clasificación | Dewey Decimal Classification |
| Tipo de ítem | Libro |
| Withdrawn status | Lost status | Sistema de Clasificación | Damaged status | No para préstamo | Colección | Inventariado | Ubicación Permanente | Ubicación actual | Fecha de adquisición | Fuente de Valor | Valor | Total Checkouts | Número topográfico | Inventario / Código de Barras | Date last seen | Ejemplar | Price effective from | Forma de adquisición | Tipo de material |
|---|---|---|---|---|---|---|---|---|---|---|---|---|---|---|---|---|---|---|---|
| Dewey Decimal Classification | General | Inventariado 2017 | Bogotá | Bogotá | 15/10/2016 | Instituto | 39000.00 | LB-634.98 C71e | 040771 | 15/10/2016 | Ej. 1 | 15/10/2016 | Donación | Libro |